00805nam a2200253 a 450000100060000000300100000600500170001600700030003300800410003602000150007704000260009208200170011810000410013524500890017625000120026530000270027733600270030433700330033133800280036449000230039250000520041565000500046770000340051758448CO-BoRNBP20250822201859.0ta971023s1997 ck a gr 000 jdspa  a9583003514 aCO-BoBNbspacCO-BoBN04aCo863.442231 aCanal Ramírez, Gonzalo,d1916-199410aRelatos para muchachos /cGonzalo Canal Ramírez ; ilustraciones de Patricia Acosta a1a. ed. a110 p. :bil. ;c21 cm 2rdacontentatextobtxt 2rdamediaasin mediaciónbn 2rdacarrieravolumenbnc0 aLiteratura juvenil aIncluye datos biográficos del autor en solapa14aCuentos juveniles colombianosySiglo XX2LEMB1 aAcosta, Patricia,eilustrador